000 00419nam a2200193Ia 4500
005 20250423094611.0
008 250422s9999 xx 000 0 und d
020 _a3540670882
050 _aQH 505 .G53/
100 _aGlaser, Roland.
245 0 _aBiophysics
250 _aRev. 5th ed.
260 _aBerlin
260 _bSpringer
260 _c2001
300 _a361 p
650 _aBiophysics.
942 _cBK
999 _c27731
_d27731